| 000 | 00409nam a2200133Ia 4500 | ||
|---|---|---|---|
| 008 | 210430s9999 xx 000 0 und d | ||
| 020 | _a0-88415-481-5 | ||
| 082 | _a660.281 C682 M | ||
| 100 |
_aA.Kayode Coker ,ph.D. _952231 |
||
| 245 |
_aModeling of Chemical Kinetics and Reactor Design V-1 / _cA.Kayode Coker |
||
| 260 |
_aBoston _bGulf Professional Publishing _c2001 |
||
| 300 | _a1096p | ||
| 942 |
_cBK _2ddc |
||
| 999 |
_c565962 _d565962 |
||